| 000 | 00454nam a2200121Ia 4500 | ||
|---|---|---|---|
| 008 | 160712s9999 xx 000 0 und d | ||
| 100 | _aAgpaoa, Jerwin F. | ||
| 245 |
_cJerwin F. Agpaoa _aWhen Rules Turn Loose: An Analysis of the Concept of Rules and Exceptions |
||
| 260 |
_c2013 _bSocial Science Diliman |
||
| 300 | _avol. 9 no. 1 | ||
| 650 | _xSOCIAL SCIENCE | ||
| 856 | _uhttp://journals.upd.edu.ph/index.php/socialsciencediliman/issue/view/388/showToc | ||
| 999 |
_c297362 _d297362 |
||